Ettore Sottsass (Record no. 10938)

MARC details
000 -CABECERA
campo de control de longitud fija 01296nam a22003137a 4500
001 - NÚMERO DE CONTROL
campo de control BRCA_9316
003 - IDENTIFICADOR DEL NÚMERO DE CONTROL
campo de control FranzMayer
005 - FECHA Y HORA DE LA ÚLTIMA TRANSACCIÓN
campo de control 20230918115632.0
008 - DATOS DE LONGITUD FIJA--INFORMACIÓN GENERAL
campo de control de longitud fija 230816b |||||||| |||| 00| 0 eng d
020 ## - NÚMERO INTERNACIONAL ESTÁNDAR DEL LIBRO
Número Internacional Estándar del Libro 1858943205
040 ## - FUENTE DE LA CATALOGACIÓN
Centro catalogador/agencia de origen MFM
Lengua de catalogación español
Centro/agencia transcriptor MFM
050 #0 - SIGNATURA TOPOGRÁFICA DE LA BIBLIOTECA DEL CONGRESO
Número de clasificación NA1008.5
Número de documento/Ítem L33 2006
100 1# - ENTRADA PRINCIPAL--NOMBRE DE PERSONA
Código de función/relación Autor
Nombre de persona Labaco, Ronald T.
9 (RLIN) 29056
240 ## - TÍTULO UNIFORME
Título uniforme Ettore Sottsass
Medio Architect and Designer
Lenguaje de la obra english
245 0# - MENCIÓN DE TÍTULO
Título Ettore Sottsass
Resto del título Architect and Designer
260 ## - PUBLICACIÓN, DISTRIBUCIÓN, ETC.
Lugar de publicación, distribución, etc. New York, EE.UU.
Nombre del editor, distribuidor, etc. Merrell Publishers Limited
Fecha de publicación, distribución, etc. 2006
300 ## - DESCRIPCIÓN FÍSICA
Extensión 160 p
Otras características físicas Ilustraciones a color
Dimensiones 29 cm
500 ## - NOTA GENERAL
Nota general Anexo 1
500 ## - NOTA GENERAL
Nota general El libro se encuentra en tapa dura y contiene una cubierta de papel encima
500 ## - NOTA GENERAL
Nota general El libro tiene una tarjeta con dedicatoria dentro del mismo
505 ## - NOTA DE CONTENIDO CON FORMATO
Nota de contenido con formato Texto en: inglésIncluye índice temáticoDirigido a: artistas, arquitectos, diseñadores de interiores o cualquier persona interesada en el arte
650 1# - PUNTO DE ACCESO ADICIONAL DE MATERIA--TÉRMINO DE MATERIA
Fuente del encabezamiento o término Arquitectura
Término de materia o nombre geográfico como elemento de entrada Historia de la arquitectura
Subdivisión de forma Arquitectura de Europa
9 (RLIN) 29057
651 2# - PUNTO DE ACCESO ADICIONAL DE MATERIA--NOMBRE GEOGRÁFICO
Fuente del encabezamiento o término Arquitectura de Austria
Nombre geográfico Siglo XX
Subdivisión de forma Ettore Sottsass
9 (RLIN) 29058
700 1# - PUNTO DE ACCESO ADICIONAL--NOMBRE DE PERSONA
Código de función/relación Cont.
Nombre de persona Doordan, P. Dennis
9 (RLIN) 29059
700 1# - PUNTO DE ACCESO ADICIONAL--NOMBRE DE PERSONA
Código de función/relación Contr.
Nombre de persona Sparke, Penny
9 (RLIN) 29060
700 1# - PUNTO DE ACCESO ADICIONAL--NOMBRE DE PERSONA
Código de función/relación Contr.
Nombre de persona Steele, James
9 (RLIN) 29061
700 1# - PUNTO DE ACCESO ADICIONAL--NOMBRE DE PERSONA
Código de función/relación Contr.
Nombre de persona Zaiden, Emily
9 (RLIN) 29062
942 ## - ELEMENTOS DE PUNTO DE ACCESO ADICIONAL (KOHA)
Fuente del sistema de clasificación o colocación Library of Congress Classification
Tipo de ítem Koha Libros
Holdings
Estado de retiro Estado de pérdida Fuente del sistema de clasificación o colocación Estado dañado No para préstamo Código de colección Localización permanente Ubicación/localización actual Fecha de adquisición Fuente de adquisición Total de préstamos Signatura topográfica completa Código de barras Fecha visto por última vez Precio válido a partir de Tipo de ítem Koha
El ejemplar forma parte de la colección y puede ser consultado según las políticas vigentes.   Library of Congress Classification     Fondo Contemporáneo Biblioteca del Museo Franz Mayer (Rogerio Casas-Alatriste) Biblioteca del Museo Franz Mayer (Rogerio Casas-Alatriste) 16/08/2023 Donación   NA1008.5 L33 2006 CONT10072 16/08/2023 16/08/2023 Libros